| 000 | 00540nam a2200229Ia 4500 | ||
|---|---|---|---|
| 003 | OSt | ||
| 005 | 20221005130858.0 | ||
| 006 | a|||||r|||| 00| 0 | ||
| 007 | ta | ||
| 008 | 221004b |||||||| |||| 00| 0 guj d | ||
| 024 | _a45845 | ||
| 037 | _cTextual | ||
| 040 |
_aCRL _cCRL _bguj |
||
| 041 |
_2guj _aguj |
||
| 082 | _aY:1vN5, 156J5.1 | ||
| 100 | _aBhatt | ||
| 245 | 0 | _aSanskriti jott | |
| 260 | _c1961 | ||
| 650 | _aCULTURE | ||
| 942 |
_hY:1vN5, 156J5.1 _cTEXL _2cc |
||
| 999 |
_c1058669 _d1058669 |
||